Online Catalogue and eLibrary

Sakayi 1,11, 111 (Record no. 4788)

MARC details
000 -LEADER
fixed length control field 00398nam a2200157Ia 4500
005 - DATE AND TIME OF LATEST TRANSACTION
control field 20250701033300.0
008 - FIXED-LENGTH DATA ELEMENTS--GENERAL INFORMATION
fixed length control field 240331s9999 xx 000 0 und d
020 ## - INTERNATIONAL STANDARD BOOK NUMBER
ISBN 9559525441
082 ## - DDC Classification
Item Number - Author Mark RAJ
Class No. 800
100 ## - MAIN ENTRY--PERSONAL NAME
Personal name Rajakaruna,T.S
245 #0 - TITLE STATEMENT
Title Sakayi 1,11, 111
260 ## - PUBLICATION, DISTRIBUTION, ETC.
Place of publication, distribution, etc. Pagoda
Name of publisher, distributor, etc. Nihal Rajakaruna Nayaka
300 ## - PHYSICAL DESCRIPTION
Extent (e.g. Volumes, Pages etc.) 163 p .,
500 ## - GENERAL NOTE
General note Sakai 2 - pluver translation - part ii
942 ## - Koha item type (Biblio)
Koha item type Books in Stacks (Lending)
Holdings
Lost status Damaged status Collection code Home library Current library Shelving location Date acquired Full call number Accession Number Item type
    Lending WERC Library WERC Library Social Science Cupboard 03/31/2024 891.48 RAJ 1766 Books in Stacks (Lending)

© WERC Library